[Event "III Copa Marcel Duchamp 2019"]
[Site "Montevideo"]
[Date "2019.02.13"]
[Round "6.28"]
[White "Sarquis, Maria Belen"]
[Black "Larrea, Daniela"]
[Result "1-0"]
[WhiteElo "2164"]
[BlackElo "1770"]
[Annotator "TA"]
[PlyCount "78"]
[EventDate "2019.02.09"]
[EventType "swiss"]
[EventCountry "URU"]
[SourceTitle "playchess.com"]
[Source "ChessBase"]
[SourceQuality "1"]

{[%evp 11,78,10,4,7,6,20,43,6,27,27,35,14,62,37,53,41,75,37,45,34,98,118,103,118,118,98,104,88,107,107,119,114,118,111,223,223,256,188,262,258,297,306,296,305,304,311,318,313,297,300,467,274,284,320,361,361,665,654,1019,700,840,835,1487,1420,2110,2020,29983,29984,29983]} 1. e4 c5 2. Nf3 e6 3. d3 Nc6 4. g3 d6 5. Bg2 Nf6 6. O-O Be7 {LiveBook: 451 Games} 7. a4 {B30: Sicilian: 2...Nc6 3 Bb5, lines without ...g6} (7. c3 O-O 8. Nbd2 {½-½ (8) Morozevich,A (2656)-Chigaev,M (2593) Cheliabinsk 2018}) 7... O-O 8. Re1 Qc7 9. c3 {White is slightly better.} Rb8 10. d4 $146 ({Predecessor:} 10. Na3 a6 11. d4 cxd4 12. cxd4 Nd7 13. Be3 b6 14. Rc1 d5 15. exd5 exd5 16. Bf4 Bd6 {1-0 (35) Schneider,H (2240)-Axnich,H Germany 1995}) 10... cxd4 11. cxd4 e5 12. h3 Bd7 13. Nc3 a6 14. Bg5 Qd8 15. Qd2 Nh5 (15... h6 $14 16. dxe5 Nxe5 17. Nxe5 dxe5 18. Bxf6 Bxf6) 16. Bxe7 $16 Qxe7 17. Nd5 Qd8 18. a5 Nf6 19. Nb6 Bc8 20. Rad1 Qe7 21. Qc3 Re8 22. Qa3 Nd7 {[#]} (22... Qf8 $16) 23. Nc4 $1 $18 exd4 {White should prevent ...Nde5.} 24. Nxd4 Nde5 (24... Nxd4 {was necessary.} 25. Rxd4 Ne5 26. Nxd6 Rf8) 25. Nxd6 Rd8 26. Nxc6 Nxc6 27. e5 {[#] aiming for Bxc6.} Qc7 28. b4 Be6 29. Qc3 Rd7 30. f4 {[%cal Bf2f4,Bf4f5][%mdl 32]} Re7 (30... f6 {was called for.} 31. Nxb7 Qxb7 32. Rxd7 (32. Qxc6 Qxc6 33. Bxc6 Rxd1 $16) 32... Qxd7) 31. Ne4 (31. f5 $142) 31... Na7 32. Nc5 Nb5 33. Qf3 h6 $2 (33... Bf5 34. g4 Bc8) 34. f5 Bd7 35. Qf4 ({Weaker is} 35. Nxd7 Rxd7 36. e6 fxe6 $18) 35... Bc6 36. f6 Ree8 37. fxg7 Kxg7 38. Qf6+ Kh7 39. Bxc6 Qxc6 {Precision: White = 80%, Black = 29%.} 1-0

[Event "III Copa Marcel Duchamp 2019"]
[Site "Montevideo"]
[Date "2019.02.13"]
[Round "6.29"]
[White "Visillac, Alejandro"]
[Black "Granara Barreto, Sebastian"]
[Result "0-1"]
[WhiteElo "1803"]
[BlackElo "2134"]
[Annotator "TA"]
[PlyCount "52"]
[EventDate "2019.02.09"]
[EventType "swiss"]
[EventCountry "URU"]
[SourceTitle "playchess.com"]
[Source "ChessBase"]
[SourceQuality "1"]

{[%evp 13,52,-21,-17,-43,-45,-58,-60,-70,-71,-60,-18,-16,-12,-26,-12,-91,-47,-77,-62,-92,-91,-133,-137,-136,-54,-112,-29,-35,-34,-52,-36,-119,-127,-202,-185,-186,-190,-199,-156,-240,-171]} 1. e4 c5 2. Nf3 Nc6 3. d3 g6 4. g3 Bg7 5. Bg2 e5 6. O-O Nge7 7. Nbd2 O-O 8. Nb3 {A04: Unusual lines after 1 Nf3 and King's Indian Attack} (8. Nc4 d5 9. exd5 Nxd5 10. Re1 Re8 11. Bg5 f6 12. Bd2 Be6 13. Qc1 Qc7 14. Bh6 Rad8 15. Bxg7 Kxg7 16. h4 h5 17. Nfd2 b5 18. Ne3 Nxe3 19. Rxe3 {0-1 (33) Rombaldoni,D (2481)-Vocaturo,D (2620) Chianciano Terme 2018}) 8... d6 9. Be3 h6 $146 ({Predecessor:} 9... f5 10. Qd2 Nd4 11. c3 Ne6 12. Bh6 f4 13. Bxg7 Kxg7 14. d4 c4 15. Nc1 Qc7 {0-1 (64) Stakanova,A-Burdalev,K Kiev 2002}) 10. Nc1 {Black is slightly better.} f5 11. Ne2 Nd4 12. Nfxd4 cxd4 13. Bd2 Qb6 14. Qc1 (14. a4 $11 {keeps the balance.}) 14... Kh7 15. Rb1 Be6 16. c4 fxe4 17. Bxe4 d5 18. cxd5 Rac8 (18... Nxd5 $17 {...Nf6 is the strong threat.} 19. Ra1 Rad8) 19. Qe1 (19. dxe6 $15 Rxc1 20. Nxc1) 19... Bxd5 ({Black should play} 19... Nxd5 $17 {Threatens to win with ...Nf6.} 20. f4 Ne3) 20. Nc1 $11 Be6 21. Bb4 Rf7 $36 {[%mdl 2048] Black is more active.} 22. Bd2 ({White should try} 22. Bxe7 $15 Rxe7 23. Qd1) 22... Nd5 23. Ne2 (23. h4 $17) 23... Nf6 $19 {Black is clearly better.} 24. Bg2 Bxa2 25. Rc1 Rxc1 26. Qxc1 (26. Nxc1 $17 {keeps fighting.} Bd5 27. Qxe5) 26... Be6 {Accuracy: White = 30%, Black = 49%.} 0-1

[Event "III Copa Marcel Duchamp 2019"]
[Site "Montevideo"]
[Date "2019.02.13"]
[Round "6.30"]
[White "Martinez, Carlos Alejandro"]
[Black "Pichuaga, Juan Pablo"]
[Result "0-1"]
[WhiteElo "2503"]
[BlackElo "2027"]
[Annotator "TA"]
[PlyCount "137"]
[EventDate "2019.02.09"]
[EventType "swiss"]
[EventCountry "URU"]
[SourceTitle "playchess.com"]
[Source "ChessBase"]
[SourceQuality "1"]

{[%evp 14,137,50,18,37,0,29,0,11,0,0,0,0,6,4,-1,0,-31,-30,-37,0,-25,-23,-22,-2,-13,-18,-88,-102,-96,-98,-96,-100,-98,-95,-115,-90,-106,-103,-87,-80,-80,-79,-79,-74,-131,-84,-96,-96,-105,-109,-108,-79,-87,-71,-104,-67,-100,-95,-98,-98,-87,-91,-225,-217,-217,-219,-254,-258,-255,-268,-264,-199,-233,-188,-240,-241,-206,-212,-249,-245,-284,-200,-197,-68,-65,-77,-82,-70,-96,-82,-89,-85,-91,-31,-31,-31,-168,-156,-166,-156,-179,-31,-400,-356,-328,-31,-31,-31,-35,-8,-707,-538,-492,-474,-3725,-2475,-2512,-2306,-29969,-29968,-29974,-29975,-29978,-29979,-29977]} 1. e4 d5 2. exd5 Qxd5 3. Nc3 Qa5 4. d4 c6 5. Nf3 Nf6 6. Bd2 Bf5 7. Bc4 e6 8. h3 Qc7 {B01: Scandinavian Defence} (8... Nbd7 9. O-O Bb4 10. a3 Bxc3 11. Bxc3 Qc7 12. Re1 O-O 13. Qe2 b5 14. Bb3 a5 15. Ne5 a4 16. Ba2 Rfe8 17. Rac1 Ne4 18. Nxd7 Nxc3 19. Nf6+ gxf6 20. bxc3 {½-½ (67) Mamedov,R (2660)-Nakamura,H (2741) Moscow 2010}) 9. Bb3 Nbd7 10. Qe2 Bd6 {The position is equal.} 11. g4 Bg6 12. Nh4 O-O-O 13. O-O-O Bf4 14. Nxg6 hxg6 15. Qf3 $146 (15. Be3 {is more complex.} g5 16. Kb1 Nf8 17. a3 Ng6 18. Na4) ({Predecessor:} 15. Kb1 Bxd2 16. Qxd2 Rh4 {0-1 (62) De Silva,C (1544)-Ranasinghe,S (1783) Malabe 2015}) 15... Bxd2+ 16. Rxd2 Nb6 17. Ne2 g5 18. Rdd1 Rh4 19. Qe3 Rdh8 20. Rdg1 {[#]} (20. Rhf1 $11 {remains equal.}) 20... Nxg4 $1 $17 {[%mdl 576] Pin} 21. Qf3 (21. Rxg4 Rxg4) 21... Nh6 22. Rxg5 Nf5 23. Rgg1 g6 24. c3 Nd5 25. Bxd5 cxd5 26. Rg4 R4h7 27. Kb1 Nd6 28. Nc1 Nc4 {Threatens to win with ...Nd2+.} 29. Qd3 (29. Ka1 $142) 29... Qe7 30. Rg3 Qf6 31. b3 Nd6 32. Rf3 Nf5 33. Ne2 Qg5 34. Rg1 Qh4 35. c4 Qe4 36. cxd5 exd5 37. Rc1+ Kd7 38. Ka1 (38. Ng3 $17 {was worth a try.} Qxd3+ 39. Rxd3) 38... Qxd3 $19 39. Rxd3 Rxh3 40. Rxh3 Rxh3 {[%mdl 4096] Endgame KRN-KRN} 41. Nf4 Rf3 42. Nxd5 Nxd4 43. Ne3 Nc6 ({Less strong is} 43... Rxf2 44. Rd1 $15) 44. Rd1+ (44. Rc2 $142) 44... Ke6 45. Rd2 Ne5 46. Kb1 f5 47. Re2 b5 48. Kc2 Kd6 (48... g5 $19 49. Kd1 Rh3) 49. Rd2+ $15 Kc6 50. Kd1 Rh3 51. Rc2+ Kd6 52. Rd2+ Ke6 53. Nd5 Kf7 (53... Rh1+ $17 54. Ke2 Rc1 55. Nf4+ Kf7) 54. Nc7 b4 55. Nd5 {[#]} (55. Na6 $15) 55... a5 $1 $19 56. Nf4 Rf3 57. Nd5 Rd3 ({Black should try} 57... g5 $19 58. Nc7 Rd3) 58. Nb6 $2 {[%mdl 8192]} (58. f4 $15 Rxd2+ 59. Kxd2) 58... Rxd2+ 59. Kxd2 {KN-KN} Ke6 $2 (59... f4 $19 60. Na4 g5) 60. f4 $1 $15 {[%cal Rf4e5]} Nd7 61. Nc4 Kd5 {Hoping for ...Ke4.} 62. Ke3 $2 {[%mdl 8192] [#]} (62. Nxa5 $11 Ke4 63. Nc6) 62... a4 $1 $19 {[%cal Ra4a3][%mdl 512]} 63. Nd2 (63. bxa4 Kxc4) 63... axb3 64. axb3 (64. Nxb3 $142 Kc4 65. Kd2) 64... Nc5 65. Nf3 Nxb3 66. Kd3 Nc5+ {Black mates.} 67. Kc2 Ke4 68. Nh4 Kxf4 69. Nxg6+ {Accuracy: White = 36%, Black = 51%.} 0-1

[Event "III Copa Marcel Duchamp 2019"]
[Site "Montevideo"]
[Date "2019.02.13"]
[Round "6.31"]
[White "Augoustis Funti, Alexis"]
[Black "Areco, Antonio"]
[Result "1-0"]
[WhiteElo "1984"]
[BlackElo "1750"]
[Annotator "NA RC"]
[PlyCount "51"]
[EventDate "2019.02.09"]
[EventType "swiss"]
[EventCountry "URU"]
[SourceTitle "playchess.com"]
[Source "ChessBase"]
[SourceQuality "1"]
[TimeControl "5400+30"]

1. e4 c5 2. d4 cxd4 3. c3 dxc3 4. Nxc3 g6 5. Bc4 Nc6 6. Nf3 Bg7 7. O-O e6 8. Qe2 Nge7 9. Bg5 {B21: Sicilian: 2 f4 and Morra Gambit} (9. e5 a6 10. a4 b6 11. Bg5 Qc7 12. Bf6 Bxf6 13. exf6 Nf5 14. Rfd1 Kf8 15. Qd2 h5 16. Bd3 Nh6 {1-0 (57) Amaral,F (1583)-Amorena,J (1703) Uruguay 2017}) 9... Qa5 ({Predecessor:} 9... O-O 10. Rfd1 Qa5 11. Bd2 {1-0 (11) Cser,A (657)-Schubert,M (800) LSS email 2009}) 10. Nd5 Nxd5 11. exd5 Nd4 12. Nxd4 Bxd4 13. Rfd1 Bg7 14. dxe6 fxe6 15. Rd5 Qb6 16. Rb5 Qc7 17. Rc1 Qd6 18. Rd5 Qb6 $1 {[#]} 19. Rb5 ({White should try} 19. b4 $1 $16) 19... Qd6 20. Qf3 $14 Qf8 21. Qe3 Qf7 22. Qc5 Bf8 23. Qe5 Bg7 24. Qd6 h6 25. Bd3 hxg5 26. Rbc5 1-0

[Event "III Copa Marcel Duchamp 2019"]
[Site "Montevideo"]
[Date "2019.02.13"]
[Round "6.32"]
[White "Soto, Nicolas"]
[Black "Chamlian, Aram"]
[Result "1-0"]
[WhiteElo "1982"]
[BlackElo "1739"]
[Annotator "NA RC"]
[PlyCount "85"]
[EventDate "2019.02.09"]
[EventType "swiss"]
[EventCountry "URU"]
[SourceTitle "playchess.com"]
[Source "ChessBase"]
[SourceQuality "1"]
[TimeControl "5400+30"]

1. e4 c5 2. Nf3 Nc6 3. Bb5 g6 4. Bxc6 bxc6 5. O-O Bg7 6. c3 e5 7. Re1 Ne7 8. Qa4 O-O 9. d3 d6 10. h3 h6 11. Nbd2 Be6 $15 12. d4 cxd4 13. cxd4 exd4 14. Nxd4 Bd7 15. N4f3 d5 16. Qa3 Re8 17. e5 Nf5 18. Nb3 Bf8 19. Nc5 Bxc5 20. Qxc5 Qb6 21. Qxb6 axb6 22. g4 Ne7 23. Bxh6 c5 24. a3 d4 25. Nd2 Nc6 26. f4 Be6 27. Ne4 Na5 28. Nf6+ Kh8 29. Nxe8 Rxe8 30. Rad1 Bb3 31. Rd3 Bc4 32. Rf3 d3 33. f5 Nb3 34. Rf2 gxf5 35. gxf5 Nd4 36. Bd2 Bd5 37. Re3 c4 38. Kh2 Nc2 39. Rg3 Rxe5 40. Bc3 f6 41. Bxe5 fxe5 42. f6 e4 43. Rf4 1-0

[Event "III Copa Marcel Duchamp 2019"]
[Site "Montevideo"]
[Date "2019.02.14"]
[Round "7.1"]
[White "Tristan, Leonardo"]
[Black "Rodriguez Vila, Andres"]
[Result "1-0"]
[WhiteElo "2493"]
[BlackElo "2486"]
[Annotator "TA"]
[PlyCount "77"]
[EventDate "2019.02.09"]
[EventType "swiss"]
[EventCountry "URU"]
[SourceTitle "playchess.com"]
[Source "ChessBase"]
[SourceQuality "1"]

{[%evp 9,77,43,38,38,38,38,56,52,53,50,104,68,61,63,43,56,87,87,80,87,89,79,233,239,245,243,233,231,264,253,245,235,240,196,188,-27,-23,-23,-12,-25,46,34,79,78,99,84,102,105,81,102,88,39,850,992,988,982,957,941,936,935,836,820,1083,743,1051,950,933,937,921,831]} 1. d4 d6 2. g3 g6 3. Bg2 Bg7 4. e4 e5 5. dxe5 (5. Ne2 Nf6 6. Nbc3 O-O 7. O-O c6 8. a4 a5 9. h3 Na6 10. Be3 Nb4 11. Qd2 Be6 12. Rad1 Qc8 13. Kh2 d5 14. exd5 Nfxd5 15. Nxd5 Bxd5 16. c3 Bxg2 17. Kxg2 Nd5 18. Bh6 Bxh6 19. Qxh6 Qf5 20. dxe5 Qe4+ 21. Kg1 Qxe2 22. Rfe1 Qxb2 23. Re4 Qc2 24. Rde1 f5 {0-1 (24) Stupak,K (2526)-Motylev,A (2677) Warsaw 2012}) 5... dxe5 6. Qxd8+ {B06: Modern Defence} Kxd8 7. b3 Nc6 8. Bb2 {White is slightly better.} Nd4 9. Na3 $1 c6 (9... Bg4 $14) 10. O-O-O {Hoping for c3.} Kc7 11. Nc4 c5 12. Nf3 f6 $146 ({Predecessor:} 12... Bg4) 13. Nxd4 cxd4 14. c3 dxc3 15. Ba3 {aiming for Rd3.} Nh6 $2 (15... Be6 $16 {might work better.}) 16. Bd6+ $18 {[%mdl 1024] White has strong compensation.} Kc6 17. Na5+ $1 Kb6 18. Rd5 Nf7 19. Nc4+ Kc6 20. Rc5+ Kd7 21. Bh3+ Kd8 {[#]} 22. Rd1 $2 ({White must play} 22. Be7+ $1 $18 {[%mdl 512]} Kxe7 23. Rc7+ Ke8 24. Bxc8) 22... Bh6+ $11 23. f4 Bxh3 24. Bxe5+ $1 Ke8 ({Black should play} 24... Ke7 $1 $11 25. Rc7+ {[%mdl 64] Double Attack} Ke6) 25. Bxf6 $14 Rg8 26. Rc7 $1 b5 {[#]} 27. Nd6+ $1 Nxd6 28. Rxd6 {And now Rd5 would win.} Bf8 29. Rd5 {Threatening mate with Re5+.} Ba3+ {[#]} 30. Kc2 $1 a6 $2 {[%mdl 8192]} (30... h6 $14) 31. Re5+ $18 {White is clearly winning.} Kf8 32. Bg5 Rg7 33. Bh6 Kg8 34. Rxg7+ Kh8 {[#]} 35. Ra7 $1 {[%mdl 512]} Rd8 (35... Rxa7 36. Re8+) 36. Bg5 Rc8 37. Be7 Bxe7 38. Rexe7 h5 39. Rac7 {Accuracy: White = 78%, Black = 41%.} 1-0

[Event "III Copa Marcel Duchamp 2019"]
[Site "Montevideo"]
[Date "2019.02.14"]
[Round "7.2"]
[White "Mareco, Sandro"]
[Black "Felgaer, Ruben"]
[Result "1/2-1/2"]
[WhiteElo "2664"]
[BlackElo "2562"]
[Annotator "TA"]
[PlyCount "130"]
[EventDate "2019.02.09"]
[EventType "swiss"]
[EventCountry "URU"]
[SourceTitle "playchess.com"]
[Source "ChessBase"]
[SourceQuality "1"]

{[%evp 11,130,0,0,0,0,6,23,20,25,14,33,22,24,21,53,37,52,32,44,51,43,41,67,37,56,56,59,56,63,44,60,46,85,83,83,84,83,83,77,87,73,77,95,87,79,60,47,14,103,114,127,110,512,505,523,518,457,384,383,377,378,340,375,193,181,179,183,148,148,148,196,183,183,177,177,172,171,162,254,254,254,246,289,289,282,281,266,195,187,191,263,273,440,441,321,118,122,70,72,76,62,64,72,87,128,8,8,0,0,0,0,0,0,0,0,0,0,0,0,0,0]} 1. e4 c5 2. Nf3 Nc6 3. Bb5 Nf6 4. Nc3 g6 5. Bxc6 (5. O-O Bg7 6. e5 Ng4 7. Bxc6 dxc6 8. Re1 O-O 9. d3 Nh6 10. h3 Nf5 11. Ne4 b6 12. Bf4 Nd4 13. c3 Nxf3+ 14. Qxf3 Be6 15. Qe3 Qd5 16. c4 Qd7 17. Bh6 Rfd8 18. Bxg7 Kxg7 {0-1 (44) Vidit,S (2707)-Li,C (2732) Liaocheng 2018}) 5... bxc6 6. e5 {B30: Sicilian: 2...Nc6 3 Bb5, lines without ...g6} Nd5 {LiveBook: 4 Games} 7. O-O Bg7 $1 8. Ne4 d6 9. exd6 exd6 10. d4 $146 ({Predecessor:} 10. d3 Bf5 11. Bg5 f6 12. Bh4 Bxe4 13. dxe4 Nb6 {1-0 (27) Boidman,Y (2412)-Groot,S Haarlem 2004}) 10... f5 11. Ng3 {Threatens to win with c4.} O-O 12. c4 Nc7 13. Bg5 Qd7 {Strongly threatening ...cxd4.} 14. dxc5 dxc5 15. Qxd7 Bxd7 16. Rad1 Rf7 17. Bf4 Ne6 18. Be5 Nd4 {...Nxf3+ is the strong threat.} 19. Bxg7 Nxf3+ 20. gxf3 Kxg7 21. Rfe1 Re8 22. Rxe8 Bxe8 $16 {[%mdl 4096] Endgame KRB-KRN} 23. Rd8 Re7 24. Kf1 Kf6 25. f4 h6 26. h4 Re6 27. f3 g5 28. hxg5+ hxg5 29. Kf2 g4 (29... gxf4 $11 30. Ne2 Kg5) 30. fxg4 fxg4 31. b3 Bg6 $2 {[%mdl 8192] [#]} (31... Ke7 $16 32. Ra8 Rf6) 32. f5 $1 $18 {[%cal Rf5e6][%mdl 512]} Ke7 (32... Bxf5 33. Rf8+) 33. Rg8 $1 Bf7 34. Rxg4 (34. fxe6 Bxg8 35. Ne4 Kxe6 $11) 34... Rh6 35. Ne4 Rh5 36. Rg5 Rh2+ 37. Rg2 (37. Ke3 $142) 37... Rh5 38. Ng3 Rh4 39. Ke3 Kf6 40. Rd2 Rh3 41. Kf4 Rh4+ 42. Kf3 Ke5 43. Rd7 Bh5+ 44. Kf2 Bg4 (44... Rf4+ $142 45. Ke1 Bg4 46. Re7+ (46. Rxa7 Rf3 $16) 46... Kf6 47. Rxa7 Rf3) 45. Re7+ (45. Rxa7 $6 Kf4 $16) 45... Kf6 46. Re6+ Kg5 47. Rxc6 Kf4 {Hoping for ...Rh2+.} 48. Ne2+ Kg5 49. Nc3 (49. Rxc5 $6 Rh2+ 50. Kg3 Rxe2 $16) 49... Rh2+ {[#]} 50. Kg1 $1 {[%cal Rg1h2]} Rc2 (50... Rh3 $142) 51. Nd5 Bh3 $2 (51... Rxa2 52. f6 (52. Rxc5 Bf3 $16) 52... Bh5) 52. f6 Rg2+ 53. Kh1 $2 (53. Kf1 $18 {and the rest is easy. Black must now prevent f7.} Rxa2+ 54. Ke1 Ra1+ 55. Kd2) 53... Rf2 $16 54. Rc7 (54. Rxc5 $16 {aiming for Rc7.} Kh4 55. Ne3) 54... Kh4 $1 $14 55. Rh7+ ({Much weaker is} 55. Rxa7 Rf1+ 56. Kh2 Rf2+ 57. Kg1 Rf1+ 58. Kh2 Rf2+ 59. Kg1 Rf1+ 60. Kh2 $11) 55... Kg3 {[%cal Rf2f1]} 56. Rg7+ Kh4 57. Ne3 Rxf6 {[#]} 58. Rxa7 (58. Ng2+ $1 $16 Kh5 59. Rxa7) 58... Rf2 $1 $11 {The position is equal.} 59. Rh7+ Kg3 60. Kg1 {White threatens Rxh3+! and mate.} (60. Rg7+ {keeps more tension.} Kf3 61. Rh7 Kg3) 60... Rxa2 {( -> ...Ra1+)} 61. Nf1+ Bxf1 62. Kxf1 Rb2 63. Ke1 Rxb3 64. Kd2 Kf4 65. Rh5 Ke4 {Precision: White = 69%, Black = 56%.} 1/2-1/2

[Event "III Copa Marcel Duchamp 2019"]
[Site "Montevideo"]
[Date "2019.02.14"]
[Round "7.3"]
[White "Hernandez Guerrero, Gilberto"]
[Black "Diaz Hollemaert, Nahuel"]
[Result "1/2-1/2"]
[WhiteElo "2533"]
[BlackElo "2426"]
[Annotator "TA"]
[PlyCount "64"]
[EventDate "2019.02.09"]
[EventType "swiss"]
[EventCountry "URU"]
[SourceTitle "playchess.com"]
[Source "ChessBase"]
[SourceQuality "1"]

{[%evp 24,64,14,12,16,-23,-23,-20,-6,-25,-28,-19,-18,-31,-20,-33,-25,-20,-32,-29,-27,-29,-18,-23,-34,-37,-34,-31,-36,-45,-32,-24,0,0,0,0,12,-18,-21,-50,-72,-71,-56]} 1. e4 e5 2. Nf3 Nc6 3. Bb5 a6 4. Ba4 Nf6 5. O-O b5 6. Bb3 Be7 7. d3 d6 8. c3 O-O 9. Nbd2 {[%cal Bb1d2,Bd2f1,Bf1g3][%mdl 32]} Na5 10. Bc2 c5 11. Re1 Re8 12. Nf1 Bf8 13. Ng3 g6 {C90: Closed Ruy Lopez with 7...d6: Early deviations} 14. d4 (14. h3 Bg7 15. a4 Bb7 16. Be3 Qc7 17. Qd2 Nc6 18. b4 cxb4 19. cxb4 d5 20. Bb3 Rad8 21. axb5 axb5 22. Qc1 {1-0 (42) Gazik,V (2501)-Chylewski,P (2335) Kudowa-Zdroj 2018}) 14... exd4 15. cxd4 Bg4 $146 {The position is equal.} ({Predecessor:} 15... Bg7 16. Bf4 Bb7 17. dxc5 dxc5 18. Qxd8 Raxd8 19. Bc7 Nc4 20. Bxd8 Rxd8 21. Rad1 {1-0 (64) Palit,S (2393)-Pieri,P (2048) Barbera del Valles 2012}) 16. dxc5 dxc5 17. Bg5 Qxd1 18. Raxd1 Nh5 19. h3 Bxf3 $1 20. gxf3 Ng7 21. Bc1 Nc6 {Threatens to win with ...Nd4.} 22. Kg2 Ne6 23. Ne2 Red8 24. f4 c4 25. Bb1 Nc5 26. Nc3 Nb4 27. Be3 Ncd3 28. Re2 Bg7 {[#] White must now prevent ...Bxc3.} 29. e5 g5 30. a3 (30. fxg5 $5 {[%cal Rf2f4]} Bxe5 31. Red2 $11) 30... gxf4 31. axb4 {Strongly threatening Bb6.} fxe3 32. Bxd3 Rxd3 {Accuracy: White = 53%, Black = 89%.} 1/2-1/2

[Event "III Copa Marcel Duchamp 2019"]
[Site "Montevideo"]
[Date "2019.02.14"]
[Round "7.4"]
[White "Roselli Mailhe, Bernardo"]
[Black "Carbone, Diego"]
[Result "1-0"]
[WhiteElo "2434"]
[BlackElo "2256"]
[Annotator "TA"]
[PlyCount "111"]
[EventDate "2019.02.09"]
[EventType "swiss"]
[EventCountry "URU"]
[SourceTitle "playchess.com"]
[Source "ChessBase"]
[SourceQuality "1"]

{[%evp 9,111,0,0,0,0,0,0,0,11,-10,41,37,27,38,36,29,163,156,143,117,118,117,123,114,126,133,135,116,107,106,115,111,108,110,115,91,91,91,91,91,91,89,91,91,91,88,91,91,91,91,101,95,98,94,113,93,101,24,25,20,20,8,51,0,29,1,0,0,1,1,21,10,43,32,47,47,51,35,35,10,45,33,41,10,35,37,41,12,32,5,8,38,53,34,65,65,5725,5587,5197,3651,1758,1010,854,629]} 1. d4 Nf6 2. Nf3 g6 3. Nc3 d5 4. Bf4 Bg7 5. Nb5 Na6 6. e3 {D00: 1 d4 d5: Unusual lines} O-O (6... c6 7. Nc3 Nb8 8. h3 O-O 9. Be2 Nbd7 10. O-O Re8 11. Bh2 a5 12. Ne5 Nxe5 13. Bxe5 Ne4 14. Nxe4 Bxe5 15. dxe5 dxe4 16. Qd4 Qxd4 17. exd4 Rd8 18. Rad1 {0-1 (50) Melkumyan,H (2670)-Amin,B (2710) St Petersburg 2018}) 7. Be2 c6 8. Nc3 {The position is equal.} Qb6 9. a3 Ne4 $146 ({Better is} 9... Nh5 $11) ({Predecessor:} 9... Bg4 10. Na4 Qa5+ 11. c3 Bxf3 12. Bxf3 Qd8 13. b4 {½-½ (43) Le Goff,R (2295)-Lin,C (2508) Helsingor 2018}) 10. Nxe4 $14 dxe4 11. Nd2 Qxb2 12. O-O $1 b5 (12... c5 $11 {and Black is okay.}) 13. Nxe4 $18 {Hoping for Qd2.} Bf5 14. Bd3 {Black must now prevent Qd2.} Bxe4 15. Bxe4 {[#] aiming for Qd2.} e5 16. dxe5 Bxe5 17. Rb1 Qc3 18. Bxe5 Qxe5 19. Bxc6 {[%mdl 64] [#] Double Attack} Rab8 20. Qe2 Nc7 21. c4 a6 22. Rfc1 (22. Rbc1 {keeps more tension.} Rfd8 23. cxb5 Nxb5 24. a4 Nc7 25. g3) 22... Qd6 23. cxb5 Nxb5 24. Bxb5 axb5 25. Rxb5 Rxb5 26. Qxb5 Qxa3 $16 {[%mdl 4096] Endgame KQR-KQR} 27. Qc6 Qb2 28. g4 h6 29. Rc4 Qe2 30. Rf4 Rd8 31. Kg2 Qd1 32. Qf6 Qd5+ 33. e4 (33. Kg3 $16 Re8 34. h4) 33... Qd7 $11 34. h3 Re8 35. Qc3 Qd6 (35... Re6 {with more complications.} 36. Qb4 Qe8 37. h4 Qd7 38. Qc3 Qd6) 36. Qf3 (36. Rf6 $14 Qe7 37. f3) 36... Qe6 37. e5 Re7 38. Re4 Qd5 39. Qf4 Re6 40. Kh2 Kg7 (40... g5 $5 {[%cal Rg5f4]} 41. Qf5 Rc6 $14) 41. Re1 Rc6 42. Qe4 Qe6 43. Qd4 Rc4 44. Qb2 Kh7 45. Qa2 Qc6 46. Qd2 Rc2 47. Qf4 Kg7 48. Rd1 Rc4 49. Rd4 Rc1 {( -> ...Qh1+)} 50. Qe4 Qb6 51. Kg2 $36 {[%mdl 2048] White has the initiative.} Rc6 52. Rd7 Rc3 $2 {[%mdl 8192]} (52... Rc7 $14 53. Rxc7 Qxc7) 53. e6 $18 {White is clearly winning.} Qc6 54. Rxf7+ Kg8 55. Rf4 Qxe4+ 56. Rxe4 {Accuracy: White = 58%, Black = 38%.} 1-0